00245nam a22000857a 4500020001500000100001900015245008000034250001200114260003300126 a0590062123 aCynthia Rylant aHenry and Mudge get the cold shivers : the seventh book of their adventures a1st ed. aNew York bScholasticc1989.